| Tag |
First Indicator |
Second Indicator |
Subfields |
| LEADER |
00000cam a2200000 a 4500 |
| 001 |
in00000351821 |
| 005 |
20151011064802.0 |
| 008 |
830603s1983 fr a b i00000 eng |
| 010 |
|
|
|a 83140852
|
| 020 |
|
|
|a 9264124020 (pbk.) :
|c 62.00F
|
| 035 |
|
|
|a (OCoLC)09646303
|
| 035 |
|
|
|9 ABN5063AM
|
| 039 |
0 |
|
|a 2
|b 3
|c 3
|d 3
|e 3
|
| 040 |
|
|
|a DLC
|c DLC
|d TXA
|d UtOrBLW
|
| 049 |
|
|
|a TXAM
|c [1118516]
|
| 050 |
0 |
0 |
|a HD87
|b P67 1983
|
| 082 |
0 |
|
|a 339.5
|2 19
|
| 245 |
0 |
0 |
|a Positive adjustment policies :
|b managing structural change.
|
| 264 |
|
1 |
|a Paris :
|b Organisation for Economic Co-operation and Development ;
|a [Washington, D.C.] :
|b [Sold by, OECD Publicatons and Information Center],
|c 1983.
|
| 300 |
|
|
|a 116 pages :
|b illustrations ;
|c 24 cm.
|
| 336 |
|
|
|a text
|b txt
|2 rdacontent
|
| 337 |
|
|
|a unmediated
|b n
|2 rdamedia
|
| 338 |
|
|
|a volume
|b nc
|2 rdacarrier
|
| 504 |
|
|
|a Includes bibliographical references.
|
| 650 |
|
0 |
|a Economic policy.
|
| 650 |
|
0 |
|a Economic stabilization.
|
| 710 |
2 |
|
|a Organisation for Economic Co-operation and Development.
|
| 999 |
|
|
|a MARS
|
| 999 |
f |
f |
|s 3e041c3a-5aff-3cbe-ac73-a90f5620b2c4
|i 79b990c5-6cf1-3029-a1bc-0001634f4308
|t 0
|
| 952 |
f |
f |
|p ric
|a Texas A&M University
|b Rellis Campus
|c Joint Library Facility
|d Remote Storage
|t 0
|e HD87 P67 1983
|h Library of Congress classification
|i unmediated -- volume
|m A14807397471
|
| 998 |
f |
f |
|a HD87 P67 1983
|t 0
|l Remote Storage
|